Κατάλογος Βιβλιοθηκών Mediterranean College

Απειροστικός λογισμός και πραγματική άλγεβρα / (Record no. 9884)

MARC details
000 -LEADER
fixed length control field 02209nam a22002417a 4500
003 - ΤΑΥΤΟΤΗΤΑ ΤΟΥ ΑΡΙΘΜΟΥ ΕΛΕΓΧΟΥ
Πεδίο ελέγχου GR-AtMCL
005 - ΗΜΕΡΟΜΗΝΙΑ ΚΑΙ ΩΡΑ ΤΕΛΕΥΤΑΙΑΣ ΕΝΗΜΕΡΩΣΗΣ
Πεδίο ελέγχου 20250806122835.0
006 - FIXED-LENGTH DATA ELEMENTS--ADDITIONAL MATERIAL CHARACTERISTICS
Πεδίο ελέγχου σταθερού μήκους a|||||r|||| 00| 0
008 - FIXED-LENGTH DATA ELEMENTS--GENERAL INFORMATION
Πεδίο ελέγχου σταθερού μήκους 250806b |||||||| |||| 00| 0 eng d
020 ## - ISBN
ISBN 9789604023462
040 ## - ΠΗΓΗ ΚΑΤΑΛΟΓΟΓΡΑΦΗΣΗΣ
Φορέας πρωτότυπης καταλογογράφησης MC Athens Campus Library
Γλώσσα καταλογογράφησης Ελληνικά, Μοντέρνα (1453-)
Modifying agency MC Athens Campus Library
Κανόνες περιγραφικής καταλογογράφησης AACR2
100 ## - MAIN ENTRY--PERSONAL NAME
Personal name Σακκαλής, Παναγιώτης Γ.
9 (RLIN) 9992
245 10 - ΤΙΤΛΟΣ ΚΑΙ ΔΗΛΩΣΗ ΥΠΕΥΘΥΝΟΤΗΤΑΣ
Τίτλος Απειροστικός λογισμός και πραγματική άλγεβρα /
Statement of responsibility, etc. Παναγιώτης Γ. Σακκαλής
250 ## - EDITION STATEMENT
Edition statement 3η έκδ.
260 ## - PUBLICATION, DISTRIBUTION, ETC.
Place of publication, distribution, etc. Αθήνα :
Name of publisher, distributor, etc. Τυπωθήτω,
Date of publication, distribution, etc. 2008
300 ## - PHYSICAL DESCRIPTION
Extent 541σ. ;
Διαστάσεις 25εκ.
500 ## - GENERAL NOTE
Γενική σημείωση Ευρετήριο: σ. 533-541
520 ## - SUMMARY, ETC.
Summary, etc. Ο Απειροστικός Λογισμός είναι ένα από τα μεγαλύτερα επιτεύγματα του ανθρώπινου πνεύματος. Εμπνεόμενοι από προβλήματα της Αστρονομίας, ο Νεύτων και ο Leibniz ανέπτυξαν τις βασικές ιδέες του Απειροστικού Λογισμού 300 χρόνια πριν. Από τότε, κάθε αιώνας ανέδειξε τη δύναμη του Απειροστικού Λογισμού μέσα από προβλήματα των Μαθηματικών, των Φυσικών Επιστημών, της Μηχανικής και των Βιολογικών Επιστημών. Σ' αυτό το βιβλίο παρουσιάζουμε μια εισαγωγή στα βασικά στοιχεία του Απειροστικού Λογισμού. Επίσης, για πρώτη φορά στην ελληνική βιβλιογραφία, περιλαμβάνουμε ένα κεφάλαιο με στοιχεία Υπολογιστικής Άλγεβρας. Το βιβλίο είναι γραμμένο, κυρίως, για πρωτοετείς φοιτητές των ΑΕΙ και ΤΕΙ και αποτελεί μια φυσική συνέχεια μαθηματικών εννοιών που κάποιος διδάχθηκε στη δευτεροβάθμια εκπαίδευση.
650 00 - SUBJECT ADDED ENTRY--TOPICAL TERM
Topical term or geographic name entry element Άλγεβρα
9 (RLIN) 9993
650 00 - SUBJECT ADDED ENTRY--TOPICAL TERM
Topical term or geographic name entry element Engineering
9 (RLIN) 9979
942 ## - ADDED ENTRY ELEMENTS (KOHA)
Koha item type Books
Holdings
Τύπος τεκμηρίου Βιβλιοθήκη Τρέχουσα τοποθεσία Barcode Αριθμός εισαγωγής Ημερομηνία απόκτησης Ταξιθετικό σύμβολο Αριθμός αντιτύπου Κατάσταση απόσυρσης Κατάσταση χαμένου Κατάσταση κατεστραμμένου Μη δανεισμός Σύνολο δανεισμών Ημερομηνία τελευταίας εμφάνισης Η τιμή ισχύει από
Books MC Athens Campus Library MC Athens Campus Library 9780000098542 8137 06/08/2025 515 ΣΑΚ 1           06/08/2025 06/08/2025

MC Athens Campus Library
Πατησίων 94 & Κοδριγκτώνος 13, 104 34
Πελλήνης 8 & Πατησίων 107, 112 51
Τ: +30 210 8899600

MC Thessaloniki Campus Library
Ίωνος Δραγούμη 21, 54625 | Ίωνος Δραγούμη 15, 54625
Τ: +30 2310 287779 – Τ: +30 2314 440300